LEADER 01719oam 2200529Ia 450 001 9910697744103321 005 20100316162628.0 035 $a(CKB)5470000002391532 035 $a(OCoLC)556286153 035 $a(EXLCZ)995470000002391532 100 $a20100316d1992 ua 0 101 0 $aeng 135 $aurbn||||||||| 181 $ctxt$2rdacontent 182 $cc$2rdamedia 183 $acr$2rdacarrier 200 10$aCombined experiment$hPhase I$b[electronic resource] $efinal report /$fC.P. Butterfield, W.P. [sic] Musial, D.A. Simms 210 1$aGolden, Colo. :$cNational Renewable Energy Laboratory,$d[1992] 215 $a1 online resource (221 unnumbered pages) $cillustrations 225 1 $aNREL/TP ;$v257-4655 300 $aTitle from title screen (viewed Mar. 16, 2010). 300 $a"October 1992." 320 $aIncludes bibliographical references. 517 $aCombined experiment 606 $aWind turbines$xResearch 606 $aWind power 606 $aAerofoils$xTesting 606 $aAerodynamic load 606 $aLeading edges (Aerodynamics) 606 $aWind tunnels$xTesting 615 0$aWind turbines$xResearch. 615 0$aWind power. 615 0$aAerofoils$xTesting. 615 0$aAerodynamic load. 615 0$aLeading edges (Aerodynamics) 615 0$aWind tunnels$xTesting. 700 $aButterfield$b C. P$g(Charles P.)$01402087 701 $aMusial$b Walter D$01385251 701 $aSimms$b D. A$01413650 712 02$aNational Renewable Energy Laboratory (U.S.) 801 0$bGPO 801 1$bGPO 801 2$bGPO 906 $aBOOK 912 $a9910697744103321 996 $aCombined experiment$93510504 997 $aUNINA LEADER 02052nam 2200373 450 001 9910135893603321 005 20231207081144.0 010 $a0-7381-8780-1 035 $a(CKB)3780000000090059 035 $a(NjHacI)993780000000090059 035 $a(EXLCZ)993780000000090059 100 $a20231207d2013 uy 0 101 0 $aeng 135 $aur||||||||||| 181 $ctxt$2rdacontent 182 $cc$2rdamedia 183 $acr$2rdacarrier 200 10$aIEEE Std 1283-2013 (Revision of IEEE Std 1283-2004) - Redline $eIEEE guide for determining the effects of high-temperature operation on conductors, connectors, and accessories /$fIEEE 210 1$aNew York :$cIEEE,$d2013. 215 $a1 online resource (ix, 35 pages) 330 $aPossible adverse impacts to an operating overhead transmission line which might occur when operating the line at high temperatures are discussed. Specifically, the transmission line's conductor, connectors, and attached acce ssories in terms of degradation in mechanical properties due to annealing elastic and in-elastic elongation, and accelerated aging are exploredalong with limited mitigation recommendations. Additionally, predictor equations for accelerated creep and conductor loss of strength are detailed in annexes with limited example calculations. Keywords: accelerated aging, accelerated creep, annealing, conductor core, conductors, connectors, IEEE 1283. 517 $aIEEE Std 1283-2013 (Revision of IEEE Std 1283-2004) - Redline: IEEE Guide for Determining the Effects of High-Temperature Operation on Conductors, Connectors, and Accessories - Redline 517 $aIEEE Std 1283-2013 606 $aHigh temperatures 606 $aOverhead electric lines$xStandards 615 0$aHigh temperatures. 615 0$aOverhead electric lines$xStandards. 676 $a536.57 801 0$bNjHacI 801 1$bNjHacl 906 $aDOCUMENT 912 $a9910135893603321 996 $aIEEE Std 1283-2013 (Revision of IEEE Std 1283-2004) - Redline$92575220 997 $aUNINA